000 00541nam a2200193Ia 4500
005 20250508170228.0
008 008 250505s9999 xx 000 0 eng d
037 _aDissertations
040 _aFEDL
_beng
_cFEDL
041 _aeng
_2eng
084 _a372, HAS/DI
_qFEDL
100 _aHasumi Shihoko
_9783533
245 0 _aChild- centred education in a primary school
260 _c2023
300 _av, 80p.
546 _aM.Ed. Dissertation (Delhi University)
942 _cDIS
_h372, HAS/DI
999 _c1399915
_d1399915